Histórias de Natal de 1, 2, 3 minutos (Registo nº 2051)
[ vista simples ]
| 000 -Etiqueta do registo | |
|---|---|
| Cabeçalho | 00985nam a22003131 4500 |
| 005 - Identificador da versão | |
| Campo de controlo | 20240813121923.0 |
| 010 ## - Número internacional normalizado dos livros (ISBN) | |
| Número (ISBN) | 9724144518 |
| 021 ## - Número do Depósito Legal | |
| Código do país | PT |
| Número | 231110/05 |
| 100 ## - Dados gerais de processamento | |
| Dados gerais de processamento | 20061030d2005 cday0pory5003 ba |
| 102 ## - Pais de publicação ou produção | |
| País de publicação | Portugal |
| 101 1# - Língua de publicação | |
| Língua do texto, banda sonora, etc. | Português |
| Língua do documento no original | Alemão |
| 106 ## - Campo de dados codificados: material textual | |
| Dados codificados do material textual | r |
| 105 ## - Campo de dados codificados: livros | |
| Dados codificados dos livros | a z 001fy |
| 215 ## - Descrição física | |
| Indicação específica da natureza do documento e extensão da espécie | 107, [2] p. |
| Outras indicações físicas | il. |
| Dimensões | 25 cm |
| 200 1# - Titulo e menção de responsabilidade | |
| Título próprio | Histórias de Natal de 1, 2, 3 minutos |
| Primeira menção de responsabilidade | texto de Manfred Mai |
| Outras menções de responsabilidade | il. Rolf Bunse |
| -- | trad. e adapt. Helena Silva, Inês Mendes Moreira |
| 205 ## - Menção da edição | |
| Menção da edição | 1ª ed. |
| 210 ## - Publicação, Distribuição, etc. | |
| Lugar da edição, distribuição, etc. | Porto |
| Nome do editor, distribuidor, etc. | Asa |
| Data da publicação, distribuição, etc. | 2005 |
| 304 ## - Notas relativas a título e menção de responsabilidade | |
| Texto da nota | Tít. orig.: 1, 2, 3 minutengeschichten zur weihnachtszeit |
| 606 ## - Nome comum usado como assunto | |
| Número de registo de entrada de autoridade | 0000015 |
| Palavra de ordem | Literatura estrangeira infanto-juvenil |
| Subdivisão de assunto | Conto |
| 675 ## - Classificação Decimal Universal (CDU) | |
| Notação | 82-34 |
| Edição | 2ª |
| Língua da edição | por |
| 702 #1 - Nome de autor-pessoa física (responsabilidade secundária) | |
| Número de registo de entrada de autoridade | 0000787 |
| Palavra de ordem | Bunse |
| Outra parte do nome não tomada para palavra de ordem | Rolf |
| Código de função | Ilustrador / Técnico de desenho computorizado |
| Número de registo de entrada de autoridade | 0000705 |
| Palavra de ordem | Silva |
| Outra parte do nome não tomada para palavra de ordem | Helena |
| Código de função | Tradutor |
| Número de registo de entrada de autoridade | 0000706 |
| Palavra de ordem | Moreira |
| Outra parte do nome não tomada para palavra de ordem | Inês Mendes |
| Código de função | Adaptador |
| 700 #1 - Nome de autor-pessoa física (responsabilidade principal) | |
| Número de registo de entrada de autoridade | 0000786 |
| Palavra de ordem | Mai |
| Outra parte do nome não tomada para palavra de ordem | Manfred |
| 942 ## - Elementos de entrada adicionados (Koha) | |
| Tipo de item no Koha | Livro |
| Situação do levantamento | Origin of item (home branch) (coded) | Biblioteca de empréstimo | Código de barras | Cota | Circulation type (not for loan) | Tipo de documento | Nota do exemplar | Damaged status |
|---|---|---|---|---|---|---|---|---|
| Biblioteca Escolar da Coca Maravilhas | Biblioteca Escolar da Coca Maravilhas | BECM7784/07 | 8EST MAI | Livro | Sem mensagem |
